| 000 | 00845 a2200205 4500 | ||
|---|---|---|---|
| 003 | Nust | ||
| 005 | 20240227114726.0 | ||
| 038 | _aMalik Tanveer | ||
| 040 | _cNust | ||
| 082 | _a621.382 | ||
| 100 |
_aAurangzeb, Muhammad Haroon (MSEE-17) _935348 |
||
| 245 |
_aUnitary Beam Forming VS Zero Forcing in Coordinated Multi User MIMO Systems / _cMuhammad Haroon Aurangzeb, |
||
| 260 |
_aRawalpindi _bMCS NUST _cMay 2014 |
||
| 300 | _av, 69, p; | ||
| 505 | _aIntroduction (page-1) Single input single output (SISO) conventional single-antenna cellar networks (page-6) Multi antenna cellular networks (page-16) Zero forcing Vs unitary beam forming simulation using matlab (page-53) Conclusion and future work (page-61) | ||
| 538 | _aAlmirah No,69 Shelf No,3 | ||
| 650 |
_aPG Thesis _935000 |
||
| 651 |
_aMSEE-17 _935169 |
||
| 942 |
_cTHE _2ddc |
||
| 999 |
_c212175 _d212175 |
||